00425nam a2200145Ia 4500008004100000041000900041082001700050100002800067245002200095260003500117300000800152650000800160999001700168952009400185230718s9999 xx 000 0 und d aEng. a333.7bDAV-F aDavis, Trevar Desmoyers 0aForlorn Migrants  aPakistanboxford wiffresc2000 a383 aLaw c26245d26245 00104070aSIRC-LbSIRC-Ld2023-07-18l0o333.7 DAV-Fp21197r2023-07-18w2023-07-18yBK